| 000 | 01259cam a22003857a 4500 | ||
|---|---|---|---|
| 003 | CHAP | ||
| 005 | 20220817042527.0 | ||
| 008 | 971013s1994 r 00010 d | ||
| 010 | _a47188 | ||
| 011 | _a48160 | ||
| 035 | _a52305 | ||
| 040 | _cCHAP | ||
| 082 |
_a639.2 _bF3Y v.337 |
||
| 110 | _aFAO | ||
| 245 | 0 | _aExamen de la situación mundial de las especies altamente migratorias y las poblaciones transzonales | |
| 260 |
_aRoma : _bFAO, _c1994 |
||
| 300 |
_a75 p. _b: ilus. |
||
| 410 | _aFAO | ||
| 490 | 0 |
_aDocumento técnico de pesca _v; 337 |
|
| 590 |
_aBATCH-UPD _b10 _c20130110 _lUCH01 _h0210 |
||
| 590 |
_aBATCH-UPD _b10 _c20130110 _lUCH01 _h1127 |
||
| 590 |
_aBATCH-UPD _b10 _c20130409 _lUCH01 _h2226 |
||
| 590 |
_aBATCH-UPD _b10 _c20130410 _lUCH01 _h1052 |
||
| 590 |
_aBATCH-UPD _b10 _c20130914 _lUCH01 _h1213 |
||
| 590 |
_aCONVERSION _b10 _c20130109 _lUCH01 _h1326 |
||
| 650 | 1 | 4 |
_aMigración de peces. _975600 |
| 650 | 1 | 4 |
_aPeces. _986441 |
| 650 | 1 | 4 | _aRecursos marinos. |
| 810 | 0 | _aFAO | |
| 830 | 0 | 0 |
_aDocumento técnico de pesca _v; 337 _933242 |
| 901 | _aBK | ||
| 942 | _cLIBRO | ||
| 949 |
_a639.2 F3Y v.337 _bBC _cFAO _d33724000662656 _eFAO1 _h89484 _i52305 _si |
||
| 949 |
_a639.2 F3Y v.337 _bBC _cFAO _d33724000662664 _eFAO2 _fc.2 _h89485 _i52305 _si |
||
| 999 |
_c47188 _d47188 |
||